00705nam a2200217Ia 4500003000900000008004100009020001800050040001600068080001600084100002500100245011500125260003600240300001000276650001900286650002900305650001100334650002800345942000700373999001500380952009200395IN-BaIIA211028s9999 xx 000 0 eng d a0-471-49531-X cIIA Library a539.23bKNI aKnittl, Zdenek99409 0aOptics of thin filmsban optical multilayer theorycZdenek Knittl  aLondonbJohn Wiley & Sonsc1976 a548p. aNASA Thesaurus aOptical properties93730 aOptics aThin film physics99410 cBK c5410d5410 00104070aBANbBANcGENd1977-01-22l0o539.23/ KNIp6047r2021-11-05w1977-01-22yBK